| 000 | 00857nam a2200265 i 4500 | ||
|---|---|---|---|
| 003 | DO-SdBNP | ||
| 005 | 20260312093328.0 | ||
| 007 | ta | ||
| 008 | 260312b1995 dr ||||| |||| 00| 0 spa d | ||
| 040 |
_aDO-SdBNP _bspa _cBNPHU _erda |
||
| 041 | _aspa | ||
| 082 | 4 |
_axxx _bxxx _222 |
|
| 100 |
_aHernández Contreras, Carlos, _eautor _4aut. _917540 |
||
| 245 | 1 |
_aLa maternidad y el trabajo en la mujer : _bsu protección en el nuevo codigo del trabajo / _cCarlos Hernández Contreras |
|
| 250 | _aPrimera edición | ||
| 264 | 1 |
_aSanto Domingo : _bEditora Centenario, _c1995. |
|
| 300 |
_a35 páginas ; _c21 cm. |
||
| 336 |
_atexto _btxt _2rdacontent |
||
| 337 |
_asin mediación _bn _2rdamedia |
||
| 338 |
_avolumen _bnc _2rdacarrier |
||
| 504 | _aBibliografía : páginas 32-35 | ||
| 590 | _aInventariado, 2026/BT | ||
| 910 | _aBtavárez | ||
| 942 |
_2ddc _cLF2 |
||
| 999 |
_c60487 _d60487 |
||